Largest lakes in Canada by volume - Statistics

General Stats
  • This quiz has been taken 45 times
    20 since last reset
  • The average score is 7 of 15
Answer Stats
Volume (km3) Lake % Correct
484 Lake Erie
100%
1640 Lake Ontario
100%
3540 Lake Huron
95%
12100 Lake Superior
95%
2236 Great bear Lake
80%
2088 Great slave Lake
80%
284 Lake Winnipeg
80%
204 Lake Athabasca
50%
248 Lake Nipigon
30%
95 Reindeer Lake
15%
150 Lake Mistassinni
5%
114 Nettilling Lake
5%
113 Baker Lake
0%
89 Dubawnt Lake
0%
228 Nueltin Lake
0%
No matching quizzes found
Score Distribution
Percent of People with Each Score
Percentile by Number Answered
Your Score History
You have not taken this quiz since the last reset